000 00891nam a2200229Ii 4500
003 JO-AjNU
008 230605s9999||||xx |||||||||||||| ||und||
017 _a2007/7/2108
020 _a9957-16-359-4
040 _aJO-AjNU
_bara
_erda
_cJO-AjNU
041 _aara
050 1 4 _aKMM97.A54.2008
100 3 _a العكيلي ، عزيز ,
_eauthor
_933408
245 0 0 _aالوسيط في شرح القانون التجاري الجزء الاول : الأعمال التجارية - التجار - المتجر - العقود التجارية
250 _aط1
264 3 1 _aعمان : دار الثقافة ، 2008
300 _aج1، 416ص
_bيشتمل على قائمة بالمراجع ص(411-416)
336 _atext
_btxt
_2rdacontent
337 _aunmediated
_bn
_2rdamedia
338 _avolume
_bnc
_2rdacarrier
650 4 _aالقانون التجاري -- الاردن
_933409
999 _aA13595
_c17163
_d17163